<?xml version="1.0" encoding="UTF-8"?>
<marc:record xmlns:marc="http://www.loc.gov/MARC21/slim">
   <marc:leader>00000nam a2200000 a 4500</marc:leader>
   <marc:datafield ind1="1" ind2=" " tag="100">
      <marc:subfield code="a">Lu, Marie</marc:subfield>
      <marc:subfield code="4">aut</marc:subfield>
      <marc:subfield code="e">Verfasser/-in</marc:subfield>
   </marc:datafield>
   <marc:datafield ind1="1" ind2=" " tag="100">
      <marc:subfield code="a">Galić, Anja</marc:subfield>
      <marc:subfield code="4">trl</marc:subfield>
      <marc:subfield code="e">Übersetzer/-in</marc:subfield>
   </marc:datafield>
   <marc:datafield ind1="0" ind2="0" tag="245">
      <marc:subfield code="a">Batman – Nightwalker</marc:subfield>
   </marc:datafield>
   <marc:datafield ind1="0" ind2="0" tag="245">
      <marc:subfield code="c">Marie Lu</marc:subfield>
   </marc:datafield>
   <marc:datafield ind1=" " ind2="1" tag="264">
      <marc:subfield code="a">München</marc:subfield>
      <marc:subfield code="b">dtv Verlagsgesellschaft</marc:subfield>
      <marc:subfield code="c">2019</marc:subfield>
   </marc:datafield>
   <marc:datafield ind1="1" ind2=" " tag="520">
      <marc:subfield code="a">Angaben aus der Verlagsmeldung

Batman - Nightwalker : Roman Batman Lu,Batman:Nightwalker / von Marie Lu

Kultautorin Marie Lu - Kultfigur Batman

Bruce Wayne, 18, Millionenerbe des Imperiums seiner verstorbenen Eltern, gerät auf dem Heimweg von seiner Geburtstagsparty in einen Polizeieinsatz und nimmt die Verfolgung des Täters auf. Der Täter – Mitglied der hoch kriminellen Nightwalker, die Bruces‘ Heimatstadt Gotham City terrorisieren – wird gefasst, Bruce jedoch wegen seines Einmisches zu Sozialdienst verurteilt, und zwar ausgerechnet im Hochsicherheitstrakt des örtlichen Gefängnis. Dort trifft Bruce auf die gleichaltrige Madeleine. Obwohl sie zu den Nightwalkern gehört, funkt es zwischen den beiden gewaltig. Doch dann wird Bruce selbst zur Zielscheibe der Nightwalker. Um zu überleben, ist Bruce auf Madeleines Hilfe angewiesen - doch auf welcher Seite steht sie wirklich?

</marc:subfield>
   </marc:datafield>
   <marc:datafield ind1=" " ind2=" " tag="020">
      <marc:subfield code="a">9783423762281</marc:subfield>
      <marc:subfield code="9">9783423762281</marc:subfield>
   </marc:datafield>
   <marc:datafield ind1=" " ind2=" " tag="020">
      <marc:subfield code="a">3423762284</marc:subfield>
      <marc:subfield code="9">3423762284</marc:subfield>
   </marc:datafield>
   <marc:datafield ind1=" " ind2=" " tag="041">
      <marc:subfield code="a">ger</marc:subfield>
   </marc:datafield>
   <marc:datafield ind1=" " ind2=" " tag="300">
      <marc:subfield code="a">320 Seiten</marc:subfield>
   </marc:datafield>
</marc:record>
